00915nam a22002297a 450000500170000000800410001701700410005802000180009904000230011708200220014010000350016224501320019725000090032926000850033830000350042365000240045865000300048265000450051294200120055799900170056995200990058620240530110613.0161123s2014 ua a g 000 0 ara d a2014/2804bمصر. دار الكتب a9789776456136 aEG-CaGPLcEG-CaGPL04221a070.5\bش ن0 aشريف كامل شاهين .12aالنشر التقليدى و الالكترونى فى العالم العربى /cاعداد شريف كامل شاهين . aط.1 aالقاهرة : bدار الجوهرة للنشر و التوزيع ،c2015 . a251 ص :bايض ؛c24 سم .072qrmakaالنشر .072qrmakaالانترنت .072qrmakaالنشر الالكترونى . 2ddccBK c62898d62898 00104070aCAIbCAId2016-11-23l0o070.5\ ش نp162808r2016-11-23 00:00:00w2016-11-23yBK